Erzsébet királyné szegedi szobra

Elmentve itt :
Bibliográfiai részletek
Szerző: Tóth Attila
Dokumentumtípus: Cikk
Megjelent: 1991-12-07
Sorozat:Délmagyarország 81 No. 287
Kulcsszavak:szobrászat
Online Access:http://dmarchiv.bibl.u-szeged.hu/100843
LEADER 00449nab a2200157 i 4500
001 delm100843
005 20190927084417.0
008 190927s1991 hu o 0|| hun d
040 |a SZTE Délmagyarország Archívum  |b hun 
041 |a hun 
100 1 |a Tóth Attila 
245 1 0 |a Erzsébet királyné szegedi szobra  |h [elektronikus dokumentum] /  |c  Tóth Attila 
260 |c 1991-12-07 
300 |a 5 
490 0 |a Délmagyarország  |v 81 No. 287 
695 |a szobrászat